International Rubber Forum : The rubber industry in 2000-emerging from crisis? Boca del Rio, Veracruz, Mexico, 7-8 October 1999 (Record no. 41820)

MARC details
000 -LEADER
fixed length control field 00589nam a2200169Ia 4500
082 ## - DEWEY DECIMAL CLASSIFICATION NUMBER
Classification number NR:33
Item number INT
245 #0 - TITLE STATEMENT
Title International Rubber Forum : The rubber industry in 2000-emerging from crisis? Boca del Rio, Veracruz, Mexico, 7-8 October 1999
260 ## - PUBLICATION, DISTRIBUTION, ETC. (IMPRINT)
Place of publication UK
Name of publisher IRSG
Year of publication 1999
650 ## - SUBJECT ADDED ENTRY--TOPICAL TERM
Topical Term American rubber industry
650 ## - SUBJECT ADDED ENTRY--TOPICAL TERM
Topical Term American synthetic rubber production
650 ## - SUBJECT ADDED ENTRY--TOPICAL TERM
Topical Term Common fund for commodities funding(CFC)
650 ## - SUBJECT ADDED ENTRY--TOPICAL TERM
Topical Term Mexican rubber industry
650 ## - SUBJECT ADDED ENTRY--TOPICAL TERM
Topical Term NR research structure
650 ## - SUBJECT ADDED ENTRY--TOPICAL TERM
Topical Term Rubber trading
942 ## - ADDED ENTRY ELEMENTS (KOHA)
Koha item type Books
Holdings
Withdrawn status Lost status Damaged status Not for loan Home library Current library Date acquired Cost, normal purchase price Full call number Accession Number Koha item type
        RRII Library RRII Library 16/12/2021 72.00 NR:33 INT 22105 Books